| 000 | 00901nam a22001937a 4500 | ||
|---|---|---|---|
| 008 | 110120s2001 ua|||||r|||| 000 0 ara d | ||
| 020 | _a9770907189 | ||
| 082 |
_a301.31962 _bح ن ا |
||
| 100 |
_922113 _aالحناوي ، عصام |
||
| 245 |
_aقضايا البيئة والتنمية في مصر : _bالأوضاع الراهنة وسيناريوهات مستقبلية حتى عام 2020 / _cعصام الحناوي |
||
| 260 |
_aالقاهرة : _bدار الشروق ، 2001 _c2001 |
||
| 300 |
_a212 ص : _bأيض ؛ _c20 سم |
||
| 490 |
_921479 _aمكتبة مصر 2020 |
||
| 504 | _aببليوجرافية ص 209-212 | ||
| 541 |
_a ؛ د. باسم أحمد _cإهداء ؛ |
||
| 650 |
_922114 _aالبيئة _zمصر |
||
| 942 |
_2ddc _cBB |
||
| 999 |
_c14933 _d14933 |
||